000 00652nac a22001811u 4500
020 _a8125912959
082 0 0 _a620.1
_bR1615
090 _c826
_d826
100 _aRajasekaran, S.
245 0 0 _aEngineering mechanics :
_cS. Rajasekaran, G. Sankarasubramanian.
_bStatics and dynamics
260 _aNew Delhi :
_bVikas Publishing House,
_c2002.
300 _bill. ;
_c24 cm.
500 _aIncludes indexes.
650 0 _aMechanics, Applied.
700 1 _aSankarasubramanian, G.
942 _cBB
_k620.1R1615
999 _c826
_d826